000 01554cam a2200493 4500
003 PE-LiUPU
005 20250731165519.0
020 _a0830814655
035 _a(Sirsi) i9780830814657
035 _a(Sirsi) 27197
035 _a(Sirsi) 27197
041 _aen
044 _aus
082 0 4 _a210.3
_bE96
100 1 _aEvans, C. Stephen
245 _aPocket dictionary of apologetics philosophy of religion /
_cC. Stephen Evans.
264 1 _aDowners Grove, Illinois :
_bInterVarsity,
_c2002
300 _a125 páginas ;
_c18 cm.
505 0 _aDiccionario de filosofía de la A-Z
521 _aProfesores y alumnos de posgrado
526 _aSEG44
526 _aSEG26
526 _aP151
526 _aP150
526 _aP149
526 _aP146
526 _aP145
526 _aP126
526 _aP125
526 _aP92
526 _aP75
526 _aP74
526 _aP27
526 _aP15
650 1 4 _aFilofía de la religión
_vDiccionarios
650 1 4 _aApologética
_vDiccionarios
942 _2ddc
_cBOOK
949 _a210.3 E96
_i51539
_lPOSTGRADO
_mBUL
_tLIBRO
_o.STAFF. Posgrado
910 _aaj
_bgl
_cop
_d20030709
921 _a51539
_bPosgrado
_pP
_f20030321
_y20030321
_c2
_gTeología
_h210.3
_iE96
_kPGRC
596 _a1
999 _aRC 210.3 E96
_wDEWEY
_c33264
_i51539
_f2021-11-8
_g6
_lCCODEBUL1
_mBUL
_p2.00
_r1
_sY
_tBOOK
_u2015-6-24
_xTEOLOGIA
_PP35
_0COMPRA
_o.CIRCNOTE. No olvidar cambiar la fecha de devolución!!!!!!!
_o.STAFF. Colección General
_d33264
980 _81
_gALBERTO SANCHEZ Responsable de Automatización